000 00421nam a22001697a 4500
005 20260402121102.0
008 260402b |||||||| |||| 00| 0 eng d
041 _aEnglish
082 _a346.052 GUP
100 _aGupte, A.G,
245 _aHindu Succession Act, 1956
250 _a2nd
260 _aAllahabad :
_bPremier Publishing Company,
_c2014.
300 _a415 p
650 _aHindu Succession Act
942 _cDB
999 _c9585
_d9585